000 00330nam a22001457a 4500
008 210322b ||||| |||| 00| 0 eng d
020 _a9781401852238
041 _aeng
080 _24th
_a61
082 _a61
100 _a3
101 _aSHM
245 _aEquipment Theory for Respiratory Care
_cWhite, G. C
942 _2udc
_cBK
999 _c56641
_d56641